| 000 | 00395 a2200109 4500 | ||
|---|---|---|---|
| 001 | ART_4851 | ||
| 005 | 20260410161825.0 | ||
| 008 | 260409a | ||
| 245 | 1 | 0 | _aIncorporación de la dimensión de género en las políticas de empleo |
| 100 | 1 | _aAbramo, Laís | |
| 773 | 0 |
_tRevista de trabajo _gEl empleo en el debate de las Américas - Año 1, Nº 1/1 (jul./dic. 2005) _wREV4713 |
|
| 999 |
_c22703 _d22703 |
||